000 00499nam a22001697a 4500
005 20251108165955.0
008 250721s1984 xx 000 0 ara d
082 1 4 _aق/يني
100 1 _aينيكييف، اميرخان
245 1 0 _aالجرس النحاسي :
_bأقاصيص /
264 1 _aطشقند :
_bدار رادوغا،
_c1984.
300 _a199ص
650 1 7 _aالأدب القصصي
700 1 _aشردان، شوكت موسى
_eترجمة
942 _2ddc
_cBK
999 _c36304
_d36304